00672nam a2200193Ia 4500008004100000020001800041082001600059100003300075245004400108250000800152260004200160300002700202500001900229600002100248650005000269942000700319952013500326999001700461240925s9999 xx 000 0 und d a9788131711729 a005.133 ECK aEckel, Bruce; Allison Chuck 0aThinking in C++: practical programming  a1st aNew Delhi:bPearson Educationc,2004. axxi,666p.b1fOriginal aIncludes Index aComputer Science aComputer science, information & general works cBK 001040708CSaUITUbUITUd2014-03-05eParamount Book Pvt Ltdg860.00l0o005.133 ECKpQ9869r2024-09-25 07:15:30w2024-09-25yBK c12368d12368